Statystyki dla Zimowe transfery 2023 w piłce nożnej

Kliknij tutaj aby rozwiązać quiz!

Ogólne statystyki

  • Ten quiz został rozwiązany 47 razy
  • Średni wynik to 11 z 20

Statystyki odpowiedzi

Klub oddającyKlub pozyskującyRodzajPiłkarz% Poprawnych
Szachtar DonieckChelseaTransfer definitywnyMudryk
95%
BenficaChelseaTransfer definitywnyFernández
87%
PSVLiverpoolTransfer definitywnyGakpo
74%
MonacoChelseaTransfer definitywnyBadiashile
67%
ChelseaArsenalTransfer definitywnyJorginho
67%
SpeziaArsenalTransfer definitywnyKiwior
64%
BarcelonaAtlético MadrytTransfer definitywnyDepay
62%
Atlético MadrytChelseaWypożyczenieFélix
62%
BrightonArsenalTransfer definitywnyTrossard
62%
Manchester CityBayern MonachiumWypożyczenieCancelo
59%
JuventusLeedsWypożyczenieMcKennie
51%
PSVChelseaTransfer definitywnyMadueke
49%
RomaGalatasarayTransfer definitywnyZaniolo
49%
EvertonNewcastle UnitedTransfer definitywnyGordon
46%
VillarrealTottenhamWypożyczenieDanjuma
44%
PSGWolverhamptonTransfer definitywnySarabia
44%
Dynamo KijówGironaTransfer definitywnyTsygankov
44%
WolverhamptonBenficaWypożyczenieGuedes
31%
Stade RennaisSouthamptonTransfer definitywnySulemana
23%
BragaOlympique MarseilleTransfer definitywnyVitinha
21%

Rozkład punktacji

Percentyl według liczby udzielonych odpowiedzi

Procent ludzi z każdym wynikiem

Twoja historia wyników

Nie rozwiązałeś tego quizu